The history of the Royal Agricultural College Cirencester (Record no. 100933)
[ view plain ]
| 000 -LEADER | |
|---|---|
| fixed length control field | 00676cam a2200229 4500 |
| 008 - FIXED-LENGTH DATA ELEMENTS--GENERAL INFORMATION | |
| fixed length control field | 000000n1992 000 0 eng u |
| 020 ## - INTERNATIONAL STANDARD BOOK NUMBER | |
| International Standard Book Number | 0750901780 |
| 035 ## - SYSTEM CONTROL NUMBER | |
| System control number | (Sirsi) u109407 |
| 050 ## - LIBRARY OF CONGRESS CALL NUMBER | |
| Classification number | 630.71 |
| 100 ## - MAIN ENTRY--PERSONAL NAME | |
| Personal name | Sayce, Roger |
| 245 #4 - TITLE STATEMENT | |
| Title | The history of the Royal Agricultural College Cirencester |
| 260 ## - PUBLICATION, DISTRIBUTION, ETC. | |
| Place of publication, distribution, etc. | Stroud, Gloucestershire |
| Name of publisher, distributor, etc. | Alan Sutton |
| Date of publication, distribution, etc. | 1992 |
| 300 ## - PHYSICAL DESCRIPTION | |
| Extent | xii, 370p ill. ; 26cm. |
| 350 ## - PRICE (NR) (BK AM CF MU VM SE) [OBSOLETE] | |
| Price | 20.00 |
| 520 ## - SUMMARY, ETC. | |
| Summary, etc. | With a forward by HRH The Prince of Wales. RICS is mentioned on p269 & 286 |
| 650 ## - SUBJECT ADDED ENTRY--TOPICAL TERM | |
| Topical term or geographic name entry element | AGRICULTURE |
| 650 ## - SUBJECT ADDED ENTRY--TOPICAL TERM | |
| Topical term or geographic name entry element | HISTORY |
| 650 ## - SUBJECT ADDED ENTRY--TOPICAL TERM | |
| Topical term or geographic name entry element | CAREERS, EDUCATION AND TRAINING |
| 650 ## - SUBJECT ADDED ENTRY--TOPICAL TERM | |
| Topical term or geographic name entry element | FARMING |
| 690 ## - LOCAL SUBJECT ADDED ENTRY--TOPICAL TERM (OCLC, RLIN) | |
| Topical term or geographic name as entry element | Rural |
| 9 (RLIN) | 6268 |
| 942 ## - ADDED ENTRY ELEMENTS (KOHA) | |
| Suppress in OPAC | 0 |
| Withdrawn status | Lost status | Source of classification or shelving scheme | Damaged status | Not for loan | Home library | Current library | Shelving location | Date acquired | Cost, normal purchase price | Total Checkouts | Full call number | Barcode | Date last seen | Copy number | Cost, replacement price | Price effective from | Koha item type |
|---|---|---|---|---|---|---|---|---|---|---|---|---|---|---|---|---|---|
| Dewey Decimal Classification | London | London | Books | 20/11/2000 | 20.00 | 630.71 SAY | 30062303 | 06/08/2019 | 1 | 20.00 | 06/08/2019 | Book |